[Event "ROM-ch U10"]
[Site "Calimanesti Caciulata"]
[Date "2019.04.20"]
[Round "7"]
[White "Timbuc, Rares Ioan"]
[Black "Strajan, Andrei Mihai"]
[Result "1/2-1/2"]
[WhiteElo "1165"]
[BlackElo "1108"]
[PlyCount "73"]
[EventDate "2019.04.15"]
[EventType "swiss"]
[EventRounds "9"]
[EventCountry "ROU"]
[SourceTitle "CBM 190 Extra"]
[Source "ChessBase"]
[SourceDate "2019.07.15"]
[SourceVersion "1"]
[SourceVersionDate "2019.07.15"]
[SourceQuality "1"]

1. e4 e6 2. d4 d5 3. Nc3 Bb4 4. Nge2 dxe4 5. a3 Bxc3+ 6. Nxc3 Nf6 7. Bg5 Nc6 8. Bb5 0-0 9. Bxc6 bxc6 10. Nxe4 Qd5 11. Nxf6+ gxf6 12. Bh6 Qe4+ 13. Qe2 Qxe2+ 14. Kxe2 Ba6+ 15. Ke1 Rfd8 16. Rd1 Rab8 17. b4 Rb5 18. f3 Rbd5 19. c3 e5 20. Be3 Re8 21. Kf2 Bc4 22. Rhe1 Red8 23. Rd2 f5 24. g3 e4 25. Bg5 R8d6 26. Bf4 Rd7 27. fxe4 fxe4 28. Rxe4 Rf5 29. Kg1 Bd5 30. Ree2 a5 31. Re5 Rxe5 32. Bxe5 axb4 33. axb4 Kf8 34. Rd1 Kg8 35. Ra1 Kf8 36. Ra5 Ke7 37. Rc5 1/2-1/2